Zum Wachstumstheorie des Nationaleinkommens

Αποθηκεύτηκε σε:
Λεπτομέρειες βιβλιογραφικής εγγραφής
Κύριος συγγραφέας: Feldman, G. A.
Άλλοι συγγραφείς: Kratsch, Ottomar (Επιμελητής έκδοσης)
Μορφή: Βιβλίο
Γλώσσα:German
Δημοσίευση: Frankfurt : Wien : Europaischeverlagsanstalt, Europa, 1969.
Σειρά:Politische, Okonomie Geschichte und Kritik
Θέματα:
Ετικέτες: Προσθήκη ετικέτας
Δεν υπάρχουν, Καταχωρήστε ετικέτα πρώτοι!

MARC

LEADER 00000cam a2200000 i 4500
001 1/10186
008 000830s1969 ger d
035 |l 10063341 
040 |a GR-MY-UA  |b gre  |e aacr 
041 0 |a ger 
082 0 |a 339.3 
100 1 |a Feldman, G. A. 
245 1 0 |a Zum Wachstumstheorie des Nationaleinkommens /  |c G. A. Feldman ; Herausgegeben von O. Kratsch.  
260 |a Frankfurt :   |a Wien :   |b Europaischeverlagsanstalt,   |b Europa,   |c 1969.  
300 |a 126 σ. :   |b πιν, σχ.  
490 1 |a (Politische, Okonomie Geschichte und Kritik)  
650 0 0 |a National income. 
700 1 |a Kratsch, Ottomar,  |e edt 
830 0 |a Politische, Okonomie Geschichte und Kritik 
852 |a INST  |b LESVOS  |e 20000830  |h 339.3 FEL  |p 005100023286  |q 005100023286  |t BK  |y 0 
901 |a BIBL1-2000-2 
909 |a Λ  |b 034860 
970 |z 2000/08/ΔΕΜΕΝΑΓΑΣ